00403pab a2200145 454500008004000000100002300040245009900063260000900162300001300171362000800184650001500192700002000207700001900227773001100246180718b2010 xxu||||| |||| 00| 0 eng d aLanfranchi, Joseph aShedding new light on intrinsic motivation to work: evidence from a discrete choice experiment c2010 ap.75-93. aFeb aMotivation aLarguem, Makram aNarcy, Mathieu aKyklos